<?xml version="1.0" encoding="UTF-8"?><?xml-stylesheet type="text/xsl" href="static/style.xsl"?><OAI-PMH xmlns="http://www.openarchives.org/OAI/2.0/" xmlns:xsi="http://www.w3.org/2001/XMLSchema-instance" xsi:schemaLocation="http://www.openarchives.org/OAI/2.0/ http://www.openarchives.org/OAI/2.0/OAI-PMH.xsd"><responseDate>2026-04-17T20:12:22Z</responseDate><request verb="GetRecord" identifier="oai:www.recercat.cat:20.500.12327/893" metadataPrefix="marc">https://recercat.cat/oai/request</request><GetRecord><record><header><identifier>oai:recercat.cat:20.500.12327/893</identifier><datestamp>2025-10-22T11:23:39Z</datestamp><setSpec>com_2072_4428</setSpec><setSpec>com_2072_4427</setSpec><setSpec>col_2072_487898</setSpec></header><metadata><record xmlns="http://www.loc.gov/MARC21/slim" xmlns:dcterms="http://purl.org/dc/terms/" xmlns:xsi="http://www.w3.org/2001/XMLSchema-instance" xmlns:doc="http://www.lyncode.com/xoai" xsi:schemaLocation="http://www.loc.gov/MARC21/slim http://www.loc.gov/standards/marcxml/schema/MARC21slim.xsd">
   <leader>00925njm 22002777a 4500</leader>
   <datafield ind2=" " ind1=" " tag="042">
      <subfield code="a">dc</subfield>
   </datafield>
   <datafield ind2=" " ind1=" " tag="720">
      <subfield code="a">Bosch-Camós, Laia</subfield>
      <subfield code="e">author</subfield>
   </datafield>
   <datafield ind2=" " ind1=" " tag="720">
      <subfield code="a">López, Elisabeth</subfield>
      <subfield code="e">author</subfield>
   </datafield>
   <datafield ind2=" " ind1=" " tag="720">
      <subfield code="a">Rodriguez, Fernando</subfield>
      <subfield code="e">author</subfield>
   </datafield>
   <datafield ind2=" " ind1=" " tag="260">
      <subfield code="c">2020-07-02</subfield>
   </datafield>
   <datafield ind2=" " ind1=" " tag="520">
      <subfield code="a">African swine fever (ASF), a disease of obligatory declaration to the World Organization for Animal Health (OIE), has contributed to poverty and underdevelopment of affected areas. The presence of ASF has been historically neglected in Africa, contributing to its uncontrolled expansion and favouring its spread to continental Europe on at least three occasions, the last one in 2007 through the Republic of Georgia. Since then, African swine fever virus (ASFV) has spread to neighbouring countries, reaching the European Union in 2014, China in the summer of 2018 and spreading through Southeast Asia becoming a global problem. Lack of available vaccines against ASF makes its control even more difficult, representing today the number one threat for the swine industry worldwide and negatively affecting the global commerce equilibrium.</subfield>
   </datafield>
   <datafield ind1="8" ind2=" " tag="024">
      <subfield code="a">Bosch-Camós, Laia, Elisabeth López, and Fernando Rodriguez. 2020. "African Swine Fever Vaccines: A Promising Work Still In Progress". Porcine Health Management 6 (1). doi:10.1186/s40813-020-00154-2.</subfield>
   </datafield>
   <datafield ind1="8" ind2=" " tag="024">
      <subfield code="a">2055-5660</subfield>
   </datafield>
   <datafield ind1="8" ind2=" " tag="024">
      <subfield code="a">http://hdl.handle.net/20.500.12327/893</subfield>
   </datafield>
   <datafield ind1="8" ind2=" " tag="024">
      <subfield code="a">https://doi.org/10.1186/s40813-020-00154-2</subfield>
   </datafield>
   <datafield ind2="0" ind1="0" tag="245">
      <subfield code="a">African swine fever vaccines: a promising work still in progress</subfield>
   </datafield>
</record></metadata></record></GetRecord></OAI-PMH>